Más te vale, mastodonte!

Saved in:
Bibliografiske detaljer
Main Authors: Chirif Camino, Micaela (Author), Watanabe, Issa (Author)
Format: Bog
Sprog:spansk
Udgivet: Ciudad de México Fondo de Cultura Económica 2014
Udgivelse:1a. ed
Serier:Los Especiales de A la Orilla al Viento
Fag:
Tags: Tilføj Tag
Ingen Tags, Vær først til at tagge denne postø!

MARC

LEADER 00000cam a2200000 a 4500
001 UCD7317
003 CL-VaPUC
008 170317e20140000mx |||||||||||||||||spa|d
020 |a 9786071619273 
082 0 4 |a 808.0683  |b CHI  |2 21 
100 0 |a Chirif Camino, Micaela  |e author  |9 591303 
700 0 |a Watanabe, Issa  |e author  |9 591304 
245 1 0 |a Más te vale, mastodonte! 
250 |a 1a. ed 
300 |a pág. irreg 
942 |c BK 
945 |d 20170317 22:16:00  |a arojas 
260 |a Ciudad de México  |b Fondo de Cultura Económica  |c 2014 
650 0 |a Literatura infantil   |9 307465 
650 0 |a Cuentos infantiles  |9 308044 
583 |a last modification  |c 20170317 22:16:00  |k Rodrigo Vera 
490 0 |a Los Especiales de A la Orilla al Viento 
999 |c 367379  |d 367377 
952 |0 0  |1 0  |3 erd  |4 0  |6 808_068300000000000_CHI_2014  |7 0  |8 A  |9 482223  |a BIBEDU  |b BIBEDU  |i 5365708  |l 10  |m 2  |o 808.0683 CHI 2014  |p 5365708  |r 2025-04-23  |s 2025-04-16  |w 2019-11-24  |y BK  |z Catalogado en:20170317  |k PAR 
952 |0 0  |1 0  |3 erd  |4 0  |6 808_068300000000000_CHI_2014  |7 0  |8 A  |9 482224  |a BIBEDU  |b BIBEDU  |i 5365716  |l 4  |o 808.0683 CHI 2014  |p 5365716  |r 2024-08-28  |s 2024-08-26  |w 2019-11-24  |y BK  |z Catalogado en:20170317  |k PAR